00536cam a22002171 4500001001300000003000400013005001700017008004100034010001700075035002000092040001800112042001200130050001700142100002700159245004700186260001100233300001900244500001600263650002200279999001700301sa 68001736 DLC20260227112436.0900105s1964 ii 000 0 pano  asa 68001736  a(OCoLC)20851967 aDLCcWaUdDLC apremarc00aPK2651b.S541 aSingh, Santokh,d1914-10aShromaṇī Pañjābī sāhitakāra. c[1964] a195 p.c18 cm. aIn Panjabi. 0aAuthors, Panjabi. c78192d78192